Statistics for Australia's States in 15 Seconds

Click here to take the quiz!

General Stats

  • This quiz has been taken 27 times
  • The average score is 7 of 8

Answers on the Map

Answers color-coded by a green-red scale on the quiz's map according to % correct below.
 

Answer Stats

Answer% Correct
Tasmania
95%
Western Australia
95%
South Australia
90%
Victoria
90%
Australian Capital Territory
86%
Northern Territory
86%
Queensland
81%
New South Wales
76%

Score Distribution

Percentile by Number Answered

Percent of People with Each Score

Your Score History

You have not taken this quiz